<?xml version="1.0" encoding="UTF-8"?>
<record
    xmlns:xsi="http://www.w3.org/2001/XMLSchema-instance"
    xsi:schemaLocation="http://www.loc.gov/MARC21/slim http://www.loc.gov/standards/marcxml/schema/MARC21slim.xsd"
    xmlns="http://www.loc.gov/MARC21/slim">

  <leader>00300nam a2200109Ia 4500</leader>
  <controlfield tag="008">180130s9999||||xx |||||||||||||| ||und||</controlfield>
  <datafield tag="020" ind1=" " ind2=" ">
    <subfield code="c">NT390</subfield>
    <subfield code="a">978-7-111-48425-7</subfield>
  </datafield>
  <datafield tag="100" ind1=" " ind2=" ">
    <subfield code="a">&#x738B;&#x5EFA;&#x4E2D;</subfield>
  </datafield>
  <datafield tag="245" ind1=" " ind2="0">
    <subfield code="c">&#x738B;&#x5EFA;&#x4E2D; &#x5433;&#x745E;&#x6797; &#x7FFB;&#x8B6F;</subfield>
    <subfield code="a">&#x5FC3;&#x7406;&#x8ABF;&#x9069;&#xFF1A;&#x505A;&#x81EA;&#x5DF1;&#x5FC3;&#x9748;&#x7684;CEO</subfield>
  </datafield>
  <datafield tag="260" ind1=" " ind2=" ">
    <subfield code="c">2015</subfield>
  </datafield>
  <datafield tag="300" ind1=" " ind2=" ">
    <subfield code="c"> cm.</subfield>
    <subfield code="a"> p.</subfield>
  </datafield>
  <datafield tag="942" ind1=" " ind2=" ">
    <subfield code="2">ccl</subfield>
    <subfield code="c">BOOK</subfield>
  </datafield>
  <datafield tag="999" ind1=" " ind2=" ">
    <subfield code="c">804</subfield>
    <subfield code="d">804</subfield>
  </datafield>
  <datafield tag="952" ind1=" " ind2=" ">
    <subfield code="0">0</subfield>
    <subfield code="1">0</subfield>
    <subfield code="2">ccl</subfield>
    <subfield code="4">0</subfield>
    <subfield code="7">0</subfield>
    <subfield code="a">yeezen</subfield>
    <subfield code="b">yeezen</subfield>
    <subfield code="d">2018-01-30</subfield>
    <subfield code="l">1</subfield>
    <subfield code="m">1</subfield>
    <subfield code="o">494.21 </subfield>
    <subfield code="p">C02179</subfield>
    <subfield code="r">2022-08-01 00:00:00</subfield>
    <subfield code="s">2022-07-05</subfield>
    <subfield code="w">2018-01-30</subfield>
    <subfield code="y">BOOK</subfield>
    <subfield code="z">&#x5C0D;&#x65BC;&#x6211;&#x5011;&#x6BCF;&#x500B;&#x4EBA;&#x4F86;&#x8AAA;&#xFF0C;&#x9084;&#x6709;&#x4EC0;&#x9EBC;&#x6BD4;&#x81EA;&#x6211;&#x8ABF;&#x9069;&#x3001;&#x7372;&#x5F97;&#x5E78;&#x798F;&#x548C;&#x6709;&#x6548;&#x61C9;&#x5C0D;&#x751F;&#x6D3B;&#x7576;&#x4E2D;&#x7684;&#x58D3;&#x529B;&#x548C;&#x6311;&#x6230;&#x66F4;&#x70BA;&#x91CD;&#x8981;&#x7684;&#x5462;&#xFF1F;&#x6240;&#x6709;&#x4EBA;&#x90FD;&#x5E0C;&#x671B;&#x80FD;&#x5920;&#x4E86;&#x89E3;&#x600E;&#x6A23;&#x8B8A;&#x5F97;&#x66F4;&#x5FEB;&#x6A02;&#xFF0C;&#x5982;&#x4F55;&#x66F4;&#x597D;&#x5730;&#x9032;&#x884C;&#x81EA;&#x6211;&#x8ABF;&#x9069;&#x3002;&#x7576;&#x5927;&#x5BB6;&#x95B1;&#x8B80;&#x548C;&#x5B78;&#x7FD2;&#x672C;&#x66F8;&#x540E;&#xFF0C;&#x901A;&#x904E;&#x81EA;&#x6211;&#x6E2C;&#x9A57;&#x53EF;&#x4EE5;&#x66F4;&#x597D;&#x5730;&#x4E86;&#x89E3;&#x81EA;&#x5DF1;&#xFF0C;&#x540C;&#x6642;&#x4E5F;&#x5C07;&#x6703;&#x7372;&#x5F97;&#x6709;&#x6548;&#x61C9;&#x5C0D;&#x5404;&#x7A2E;&#x58D3;&#x529B;&#x548C;&#x6311;&#x6230;&#x7684;&#x77E5;&#x8B58;&#x3001;&#x7B56;&#x7565;&#x548C;&#x8CC7;&#x6E90;&#x3002;</subfield>
  </datafield>
</record>
